"BULI ASRAMA" / (Record no. 203941)

MARC details
000 -LEADER
fixed length control field 00965nam a2200289 i 4500
005 - DATE AND TIME OF LATEST TRANSACTION
control field 20260420164830.0
008 - FIXED-LENGTH DATA ELEMENTS--GENERAL INFORMATION
fixed length control field 260420t20252025my dr 000 f may d
020 ## - INTERNATIONAL STANDARD BOOK NUMBER
International Standard Book Number 9786297687377
Terms of availability RM12.00
Qualifying information paperback
040 ## - CATALOGING SOURCE
Original cataloging agency PPAK
Language of cataloging eng
Transcribing agency PPAK
Description conventions rda
082 04 - DEWEY DECIMAL CLASSIFICATION NUMBER
Classification number 899.2333
Edition number 23
090 00 - LOCALLY ASSIGNED LC-TYPE CALL NUMBER (OCLC); LOCAL CALL NUMBER (RLIN)
Classification number (OCLC) (R) ; Classification number, CALL (RLIN) (NR) 899.2333
Feature heading SHA
Feature heading G
100 0# - MAIN ENTRY--PERSONAL NAME
Personal name Shasya Ali,
Relator term author.
245 10 - TITLE STATEMENT
Title "BULI ASRAMA" /
Statement of responsibility, etc. SHASYA ALI, RASHIELA NURAIN ; Ketua Editor Ain Maisarah
246 34 - VARYING FORM OF TITLE
Title proper/short title "Buli asrama" :
Remainder of title Tragisnya dibuli 20 budak nakal
264 #1 - PRODUCTION, PUBLICATION, DISTRIBUTION, MANUFACTURE, AND COPYRIGHT NOTICE
Place of production, publication, distribution, manufacture Bandar Baru Nilai, Negeri Sembilan :
Name of producer, publisher, distributor, manufacturer BLINK BOOK SDN BHD,
Date of production, publication, distribution, manufacture, or copyright notice 2025
Date of production, publication, distribution, manufacture, or copyright notice ©2025
300 ## - PHYSICAL DESCRIPTION
Extent 113 pages ;
Dimensions 19 cm
336 ## - CONTENT TYPE
Content type term text
Source rdacontent
337 ## - MEDIA TYPE
Media type term unmediated
Source rdamedia
338 ## - CARRIER TYPE
Carrier type term volume
Source rdacarrier
650 10 - SUBJECT ADDED ENTRY--TOPICAL TERM
Topical term or geographic name entry element Young adult fiction, Malay.
Topical term or geographic name entry element Malay fiction.
Topical term or geographic name entry element Malaysian fiction (Malay).
700 0# - ADDED ENTRY--PERSONAL NAME
Personal name Rashiela Nurain,
Relator term author.
Personal name Ain Maisarah,
Relator term editor.
942 ## - ADDED ENTRY ELEMENTS (KOHA)
Source of classification or shelving scheme Dewey Decimal Classification
Koha item type Book
Holdings
Withdrawn Not for loan Current library Shelving location Date acquired Total Checkouts Full call number Barcode Date last seen Koha item type
    Perpustakaan Alor Setar Pinjaman Dewasa 27/04/2026   899.2333 SHA A01913602 27/04/2026 Book
    Perpustakaan Awam Sungai Petani Pinjaman Dewasa 27/04/2026   899.2333 SHA A01913603 27/04/2026 Book
    Perpustakaan Baling Pinjaman Dewasa 27/04/2026   899.2333 SHA A01913607 27/04/2026 Book
    Perpustakaan Bandar Baharu Pinjaman Dewasa 27/04/2026   899.2333 SHA A01913608 27/04/2026 Book
    Perpustakaan Jitra Pinjaman Dewasa 27/04/2026   899.2333 SHA A01913604 27/04/2026 Book
    Perpustakaan Kuala Nerang Pinjaman Dewasa 27/04/2026   899.2333 SHA A01913612 27/04/2026 Book
    Perpustakaan Kulim Pinjaman Dewasa 27/04/2026   899.2333 SHA A01913606 27/04/2026 Book
    Perpustakaan Langkawi Pinjaman Dewasa 27/04/2026   899.2333 SHA A01913605 27/04/2026 Book
    Perpustakaan Merbok Pinjaman Dewasa 27/04/2026   899.2333 SHA A01913609 27/04/2026 Book
    Perpustakaan Pendang Pinjaman Dewasa 27/04/2026   899.2333 SHA A01913613 27/04/2026 Book
    Perpustakaan Sik Pinjaman Dewasa 27/04/2026   899.2333 SHA A01913611 27/04/2026 Book
    Perpustakaan Yan Pinjaman Dewasa 27/04/2026   899.2333 SHA A01913610 27/04/2026 Book